header

Physical Chemistry (Record no. 258080)

MARC details
000 -LEADER
fixed length control field 00352nam a22001457a 4500
003 - CONTROL NUMBER IDENTIFIER
control field OSt
005 - DATE AND TIME OF LATEST TRANSACTION
control field 20200129132455.0
008 - FIXED-LENGTH DATA ELEMENTS--GENERAL INFORMATION
fixed length control field 200129b xxu||||| |||| 00| 0 eng d
020 ## - INTERNATIONAL STANDARD BOOK NUMBER
International Standard Book Number 9780198728726
040 ## - CATALOGING SOURCE
Transcribing agency N/A
100 ## - MAIN ENTRY--PERSONAL NAME
Personal name Peter Atkins et al
245 ## - TITLE STATEMENT
Title Physical Chemistry
260 ## - PUBLICATION, DISTRIBUTION, ETC. (IMPRINT)
Place of publication, distribution, etc India
Name of publisher, distributor, etc Oxord University Press
Date of publication, distribution, etc 2014
942 ## - ADDED ENTRY ELEMENTS (KOHA)
Source of classification or shelving scheme Library of Congress Classification
Koha item type Long Loan Books
Holdings
Withdrawn status Lost status Source of classification or shelving scheme Damaged status Use restrictions Not for loan Collection code Home library Current library Shelving location Date acquired Total Checkouts Full call number Barcode Date last seen Price effective from Koha item type Source of acquisition
    Library of Congress Classification   Restricted Access   Non-fiction Rongo University Library Rongo University Library General Stacks 29/01/2020   QD453.2A88 2010 201700820 29/01/2020 29/01/2020 Long Loan Books  
    Library of Congress Classification       Non-fiction Rongo University Library Rongo University Library General Stacks 15/01/2025   QD453.2A88 2010 201700821 15/01/2025 15/01/2025 Long Loan Books Purchase (Hinesh)

© 2026 Rongo University
Contact us: librarian | system librarian | Rongo university